000 00682nam a2200217Ia 4500
001 4214
003 GE_BSU
008 181216s||||||||xx |||||||||||||| ||und||
040 _cGE_BSU
080 _a696.2(075.32)
100 _aШальнов А.П.
245 _aСтроительство газовых сетей и сооружений.
245 _bУчебник. 2-е изд перераб. и доп.
245 _cред. А.А. Широкова.
260 _aМосква
260 _bСтройиздат
260 _c1980
300 _a333 с. 22 см.
653 _aСтроительство газовых сетей и сооружений.
942 _cBK
999 _c38224
_d38224